00764nam a2200193 a 450000100100000000500170001000800410002704000250006808200150009311100880010824500130019626000580020930000170026750000440028404900090032895201080033795201080044599900170055300002871720200930055108.0110411s1946 dr 000 0 spa d aDO-SdBNPbspacBNPHU axxxxbC7492 aCongreso médico dominicanon(4to.d1946cSantiago, República Dominicana)95570810aMemoria. aSantiago, República Dominicana :bEl Diario,c1946. av. ;c23 cm. aLa biblioteca posee los volumenes 1 y 2 aBNPD 0010718PDaPDbPDcCTd2011-04-11iLF1l0ov. 1p28717-10r2020-06-25w2020-06-25yLFPDZNo se presta 0010718PDaPDbPDcCTd2011-04-25iLF1l0ov. 2p28717-20r2020-06-25w2020-06-25yLFPDZNo se presta c28209d28209